000 00322nam a2200133Ia 4500
008 240624s9999 xx 000 0 und d
041 _aeng
082 _a823 BAN
100 _aBANSAL RASHMI
245 _aI HAVE A DREAM
260 _c2011
_aChennai
_bWestland And Tranquebar Press
300 _a361 : p.
365 _cRS
_b25
999 _c18175
_d18175